000 01393nam2a22002531 4500
001 rc\75399
005 20250620193908.0
010 _a5-86884-027-5
_910000
035 _a(NLR Aleph) 005390306
090 _a7181035
_c7181035
100 _a20021216d1994 |||y0rusy50 ca
101 0 _arus
102 _aRU
105 _aa |||||||||
200 1 _aЮжный почтовый
_aНочной полет
_aПланета людей
_aВоенный летчик
_aПисьмо заложнику
_aМаленький принц
_aПилот и стихии
_aВоспоминания о некоторых книгах
_aПисьмо г-же Н
_aПисьмо генералу Х
_aПисьмо г-же Франсуа де Роз
210 _d1994
_aБ. м.
215 _a539, [1] с., [8] л. ил.
_cил.
461 0 _1001rc\75398
_12001#$aСочинения$eВ 2 т.$eПер. с фр.$fАнтуан де Сент-Экзюпери$g[Ред. В. Кочетов]$vТ. 1
_1700#1$aСент-Экзюпери$bА. де$f1900-1944$gАнтуан де$3RU\NLR\AUTH\777344
_97181029
_aСент-Экзюпери, А. де (1900-1944)
_cМ.
_d1994
_fАнтуан де Сент-Экзюпери
_nСогласие
_oВ 2 т. : Пер. с фр.
_tСочинения
_y5868840267
_vТ. 1
801 0 _aRU
_bNLR
_gpsbo
801 1 _aRU
_bELAR
_2rusmarc
852 _aNLR
_j94-3/6797
942 _cBOOK
980 _aNB